| 000 | 01223nmc a2200445 a 4500 | ||
|---|---|---|---|
| 003 | AR-BaBNM | ||
| 005 | 20251128211727.0 | ||
| 008 | 136020s1968 ||||||||||||||000 | spa|| | ||
| 040 | _cAR-BaBNM | ||
| 245 | 1 | 0 | _aLos escritores de Boedo |
| 260 |
_aBuenos Aires _bCentro Editor de América Latina _c1968 |
||
| 300 | 0 | _a117 p. | |
| 490 | 0 |
_aCapítulo. Biblioteca argentina fundamental _vv. 41 |
|
| 600 | 1 | 4 | _aBarletta, Leónidas |
| 600 | 1 | 4 | _aCastelnuovo, Elías |
| 600 | 1 | 4 | _aCendoya, Juan I. |
| 600 | 1 | 4 | _aMariani, Roberto |
| 600 | 1 | 4 | _aRodríguez, Abel |
| 600 | 1 | 4 | _aYunque, Alvaro |
| 600 | 1 | 4 | _aBeter, Clara |
| 600 | 1 | 4 | _aEchegaray, Aristóbulo |
| 600 | 1 | 4 | _aGuijarro, Juan |
| 600 | 1 | 4 | _aRiccio, Gustavo |
| 600 | 1 | 4 | _aYunque, Alvaro |
| 600 | 1 | 4 | _aGonzález Tuñón, Raúl |
| 600 | 1 | 4 | _aGonzález Tuñón, Enrique |
| 600 | 1 | 4 | _aOlivari, Nicolás |
| 650 | 4 | _aLITERATURA ARGENTINA | |
| 650 | 4 | _aLITERATURA CONTEMPORANEA | |
| 650 | 4 | _aANTOLOGIAS | |
| 650 | 4 | _aPOESIA | |
| 650 | 4 | _aREALISMO | |
| 653 | _aNARRATIVA | ||
| 653 | _aCOSTUMBRISMO | ||
| 653 | 0 | _aGRUPOS LITERARIOS | |
| 655 | _aLITERATURA | ||
| 700 | 1 |
_aGiordano, Carlos R. _ecompilador |
|
| 942 | _cBK | ||
| 998 | _cmartin | ||
| 999 |
_c20870 _d20870 |
||